000 00601nam a2200193Ia 4500
003 GCL
005 20240530110922.0
008 140319s9999 xx 000 0 ara d
040 _aGCL /
_cGCL
082 0 4 _a274
_bص م
100 0 _aصموئيل حبيب
245 1 0 _aمحاولات فى سيكولوجية الايمان /
_cصموئيل حبيب
260 _aالقاهرة :
_bدار الثقافة،
_c1990
300 _a226 ص.؛
_c20 سم.
650 0 4 _aالدين المسيحى
650 0 4 _aالاخلاق المسيحية
650 0 4 _aالسلوك المسيحى
942 _2ddc
_cBK
999 _c66507
_d66507